|
|
|
|
| LEADER |
02012nam a22003853i 4500 |
| 001 |
EBC6422562 |
| 003 |
MiAaPQ |
| 005 |
20231204023215.0 |
| 006 |
m o d | |
| 007 |
cr cnu|||||||| |
| 008 |
231204s2017 xx o ||||0 eng d |
| 020 |
|
|
|a 9783662559185
|q (electronic bk.)
|
| 020 |
|
|
|z 9783662559178
|
| 035 |
|
|
|a (MiAaPQ)EBC6422562
|
| 035 |
|
|
|a (Au-PeEL)EBL6422562
|
| 035 |
|
|
|a (OCoLC)1076253482
|
| 040 |
|
|
|a MiAaPQ
|b eng
|e rda
|e pn
|c MiAaPQ
|d MiAaPQ
|
| 050 |
|
4 |
|a R1
|
| 100 |
1 |
|
|a Bleß, Hans-Holger.
|
| 245 |
1 |
0 |
|a White Paper on Joint Replacement :
|b Status of Hip and Knee Arthroplasty Care in Germany.
|
| 250 |
|
|
|a 1st ed.
|
| 264 |
|
1 |
|a Berlin, Heidelberg :
|b Springer Berlin / Heidelberg,
|c 2017.
|
| 264 |
|
4 |
|c {copy}2018.
|
| 300 |
|
|
|a 1 online resource (144 pages)
|
| 336 |
|
|
|a text
|b txt
|2 rdacontent
|
| 337 |
|
|
|a computer
|b c
|2 rdamedia
|
| 338 |
|
|
|a online resource
|b cr
|2 rdacarrier
|
| 505 |
0 |
|
|a Intro -- Foreword -- Table of Contents -- List of Authors and Participants of the ExpertPanel Workshop for the White Paper on JointReplacements -- List of abbreviations -- 1 Introduction to the Indicationsand Procedures -- 2 Prevalence of Hip and KneeArthroplasty -- 3 Status of Healthcare -- 4 Healthcare SystemStakeholders -- 5 Health Economic Aspects -- 6 Requirements forAdequate Arthroplasty Care(Expert Opinions) -- Servicepart -- Subject Index.
|
| 588 |
|
|
|a Description based on publisher supplied metadata and other sources.
|
| 590 |
|
|
|a Electronic reproduction. Ann Arbor, Michigan : ProQuest Ebook Central, 2023. Available via World Wide Web. Access may be limited to ProQuest Ebook Central affiliated libraries.
|
| 655 |
|
4 |
|a Electronic books.
|
| 700 |
1 |
|
|a Kip, Miriam.
|
| 776 |
0 |
8 |
|i Print version:
|a Bleß, Hans-Holger
|t White Paper on Joint Replacement
|d Berlin, Heidelberg : Springer Berlin / Heidelberg,c2017
|z 9783662559178
|
| 797 |
2 |
|
|a ProQuest (Firm)
|
| 856 |
4 |
0 |
|u https://ebookcentral.proquest.com/lib/matrademy/detail.action?docID=6422562
|z Click to View
|